Yleistieto #11 - Statistics

Yleistilastot
  • Tätä visaa on pelattu 1 595 kertaa
  • Keskiarvotulos 10 / 15
Vastaustilastot
Vinkki Vastaus % Oikein
Minkä kaupungin kaupunginosia ovat Eira, Haaga ja Pasila? Helsingin
97%
Missä maassa on Legoland? Tanskassa
95%
Mikä on Kanadan pääkaupunki? Ottawa
90%
Mikä on Espanjan toiseksi suurin kaupunki? Barcelona
86%
Missä kaupungissa on 'Punainen Tori'? Moskovassa
73%
Kenen hitti on "Lumi Teki Enkelin Eteiseen"? Hector
72%
Kuka on metsän jumala suomalaisessa mytologiassa? Tapio
68%
Kuka on Prinssi Williamin äiti? Diana Spencer
64%
Mihin maahan Marco Polon matkat pääsääntöisesti kohdistuivat? Kiinaan
64%
Kuka voitti Miss Universum-kisat vuonna 1952? Armi Kuusela
52%
Kuka oli Yhdysvaltojen presidentti vuosina 1981-1989? Ronald Reagan
49%
Kuka keksi dynamiitin? Alfred Nobel
46%
Kuka esitti Legolasia "Taru Sormusten Herrasta"-trilogiassa? Orlando Bloom
42%
Kenen hevonen oli Bukefalos? Aleksanteri Suuren
36%
Minkä kaupunkivaltion johtajia kutsuttiin arvonimellä "doge"? Venetsian
34%
Ehtoja vastaavia visoja ei löytynyt
Tulosjakauma
Jokaisen tuloksen saaneiden osuus
Persentiili vastausten määrän mukaan
Tuloshistoriasi
Et ole pelannut tätä visaa